| 000 | 00841nam a2200241 i 4500 | ||
|---|---|---|---|
| 001 | 90628 | ||
| 003 | ES-MaACL | ||
| 005 | 20250316175839.0 | ||
| 007 | t| | ||
| 008 | 050124s1975 sp ||||1| spa d | ||
| 100 | 1 |
_aLenneberg, Eric H. _971530 |
|
| 245 | 1 | 0 |
_aFundamentos biológicos del lenguaje / _cEric H. Lenneberg ; con dos apéndices por Noam Chomsky y Otto Marx ; versión de Natividad Sánchez Sainz-Trápaga y Antonio Montesinos. |
| 260 |
_a[Madrid] : _bAlianza, _c[1975] |
||
| 300 |
_a537 p. : _bil. ; _c20 cm. |
||
| 650 | 4 |
_914463 _aLingüística |
|
| 700 | 1 |
_aChomsky, Noam, _d1928- _938607 |
|
| 700 | 1 |
_aMarx, Otto. _978596 |
|
| 700 | 1 |
_aSánchez Sáinz-Trápaga, Natividad. _9102913 |
|
| 700 | 1 |
_aMontesinos, Antonio. _982591 |
|
| 852 |
_aES-MaACL _jA-5848 _bR.94744 |
||
| 942 | _2udc | ||
| 999 |
_c90628 _d90628 |
||